| 000 | 00850nam a2200265 i 4500 | ||
|---|---|---|---|
| 001 | 66445 | ||
| 003 | ES-MaACL | ||
| 005 | 20240219214442.0 | ||
| 008 | 030114s2002 sp af |||| |bspa d | ||
| 020 | _a84-8460-220-6 | ||
| 080 | _a929 Franco Bahamonde, Ramón | ||
| 100 | 1 |
_aLeguina, Joaquín. _971313 |
|
| 245 | 1 | 0 |
_aRamón Franco _b: el hermano olvidado del dictador / _cJoaquín Leguina, Asunción Núñez. |
| 250 | _a1ª ed. | ||
| 260 |
_aMadrid : _bTemas de hoy, _c2002. |
||
| 300 |
_a263 p., [8] h. de lám. : _bil., fot. ; _c24 cm. |
||
| 490 | 1 | _aBiografías | |
| 504 | _aBibliografía. Indice. | ||
| 600 | 1 | 4 |
_aFranco, Ramón, _d1896-1938 _952245 |
| 600 | 3 | 4 |
_aFranco Bahamonde (Familia) _952246 |
| 700 | 1 |
_aNúñez, Asunción. _986142 |
|
| 830 | 0 |
_aBiografías _9180531 |
|
| 852 |
_aES-MaACL _jL-26934 |
||
| 999 |
_c66445 _d66445 |
||